Library Logo

Pioneer International University Library Catalogue

LEADERSHIP AND SELF-DECEPTION: (Record no. 9859)

MARC details
000 -LEADER
fixed length control field 00513nam a22001697a 4500
003 - CONTROL NUMBER IDENTIFIER
control field OSt
005 - DATE AND TIME OF LATEST TRANSACTION
control field 20251202100256.0
008 - FIXED-LENGTH DATA ELEMENTS--GENERAL INFORMATION
fixed length control field 251202b |||||||| |||| 00| 0 eng d
010 ## - LIBRARY OF CONGRESS CONTROL NUMBER
LC control number 2009025927
020 ## - INTERNATIONAL STANDARD BOOK NUMBER
International Standard Book Number 9781576759776
040 ## - CATALOGING SOURCE
Transcribing agency BERRETT-KOEHLER PUBLISHERS
050 ## - LIBRARY OF CONGRESS CALL NUMBER
Classification number HD 57.7 .L43 2009
Item number .L43 2009
245 ## - TITLE STATEMENT
Title LEADERSHIP AND SELF-DECEPTION:
Remainder of title GETTING OUT OF THE BOX/
Statement of responsibility, etc. THE ARBINGER INSTITUTE
250 ## - EDITION STATEMENT
Edition statement 1ST EDITION
260 ## - PUBLICATION, DISTRIBUTION, ETC.
Place of publication, distribution, etc. SAN FRANCISCO
Name of publisher, distributor, etc. BERRETT-KOEHLER PUBLISHERS,
Date of publication, distribution, etc. 2009
942 ## - ADDED ENTRY ELEMENTS (KOHA)
Source of classification or shelving scheme Library of Congress Classification
Koha item type Books
Suppress in OPAC No
Holdings
Withdrawn status Lost status Source of classification or shelving scheme Damaged status Not for loan Home library Current library Date acquired Total checkouts Barcode Date last seen Price effective from Koha item type
    Library of Congress Classification     PIU Library PIU Library 12/02/2025   PIUDL889 12/02/2025 12/02/2025 Books